[Event "19e tournoi de Noël"]
[Site "Montigny le Bretonneux"]
[Date "2018.12.27"]
[Round "2.6"]
[White "Benbakir, Ameur"]
[Black "Verat-Fayolle, Celian"]
[Result "0-1"]
[WhiteElo "1619"]
[BlackElo "1935"]
[Annotator "Rivier,Sylvain"]
[PlyCount "49"]
[EventDate "2018.??.??"]

{Partie italienne, guiocco piano} 1. e4 e5 2. Nf3 Nc6 3. Bc4 Bc5 4. c3 Nf6 5.
d4 exd4 6. cxd4 Bb4+ 7. Bd2 Bxd2+ 8. Nbxd2 d5 9. exd5 Nxd5 10. O-O O-O 11. Ne4
Bg4 12. a3 Nb6 13. Neg5 Qxg5 14. Nxg5 Bxd1 15. Rfxd1 Nxc4 16. b3 Nb6 17. d5 Ne7
18. d6 cxd6 19. Rxd6 Rfd8 20. Ne4 Nf5 21. Rxd8+ Rxd8 22. g4 Nd4 23. b4 Nd5 24.
Rd1 Nf4 25. f3 0-1

[Event "19e tournoi de Noël"]
[Site "Montigny le Bretonneux"]
[Date "2018.12.27"]
[Round "2.7"]
[White "Delmas-Goyon, Francois"]
[Black "Privat, Jean-Claude"]
[Result "1-0"]
[WhiteElo "1887"]
[BlackElo "1602"]
[Annotator "Rivier,Sylvain"]
[PlyCount "75"]
[EventDate "2018.??.??"]

{Partie espagnole, attaque anglaise} 1. e4 e5 2. Nf3 Nc6 3. Bb5 a6 4. Ba4 Nf6
5. Qe2 b5 6. Bb3 Be7 7. O-O O-O 8. c3 d6 9. Rd1 Bg4 10. h3 Bd7 11. d3 Na5 12.
Bc2 c5 13. Nbd2 Qc7 14. Nf1 Rfc8 15. Be3 Nc6 16. Rac1 Qb8 17. Ng3 g6 18. a3 a5
19. Bb3 Nd8 20. d4 Be6 21. Bc2 Bc4 22. Qd2 a4 23. Qe1 Ne6 24. dxe5 dxe5 25. Nd2
Rd8 26. Nxc4 bxc4 27. Rxd8+ Bxd8 28. Rb1 Qb5 29. Qd2 Bc7 30. Ne2 Rd8 31. Qc1
Nh5 32. g3 Nhg7 33. g4 Qc6 34. f3 h5 35. Bf2 Rd6 36. Bd1 Rd3 37. Qc2 hxg4 38.
hxg4 1-0

[Event "19e tournoi de Noël"]
[Site "Montigny le Bretonneux"]
[Date "2018.12.27"]
[Round "2.8"]
[White "Couradin, Bruno"]
[Black "Benbakir, Chouaib"]
[Result "0-1"]
[WhiteElo "1610"]
[BlackElo "1828"]
[Annotator "Rivier,Sylvain"]
[PlyCount "90"]
[EventDate "2018.??.??"]

{Défense Pirc, variante classique} 1. e4 d6 2. Bc4 Nf6 3. Nc3 g6 4. d4 Bg7 5.
Nf3 O-O 6. O-O Bg4 7. h3 Bxf3 8. Qxf3 Nc6 9. Be3 e5 10. d5 Nd4 11. Bxd4 exd4
12. Ne2 Nd7 13. Qd3 Nc5 14. Qd2 Nxe4 15. Qd1 Qf6 16. f3 Nc5 17. Ng3 Qh4 18. Ne2
Nd7 19. Qe1 Qxe1 20. Rfxe1 c5 21. dxc6 bxc6 22. Rad1 c5 23. Nf4 Nb6 24. Ba6 g5
25. Nd3 Rfe8 26. Rxe8+ Rxe8 27. Kf2 f5 28. Re1 Rxe1 29. Kxe1 Kf7 30. Kd2 Ke6
31. c3 c4 32. Nb4 d5 33. Nc6 dxc3+ 34. bxc3 Na4 35. Nd4+ Bxd4 36. cxd4 Nb6 37.
Kc3 h5 38. Bb5 f4 39. Be8 h4 40. a3 a5 41. Bc6 Nc8 42. Ba4 Nd6 43. Bc2 Nb5+ 44.
Kb2 Nxd4 45. Bh7 Nf5 0-1

[Event "19e tournoi de Noël"]
[Site "Montigny le Bretonneux"]
[Date "2018.12.27"]
[Round "2.9"]
[White "Mongey, Alain"]
[Black "Artieres, Michel"]
[Result "0-1"]
[WhiteElo "1573"]
[BlackElo "1760"]
[Annotator "Rivier,Sylvain"]
[PlyCount "68"]
[EventDate "2018.??.??"]

{Ouverture du pion dame} 1. d4 Nf6 2. Nf3 d6 3. Bg5 Nbd7 4. e3 c6 5. Bd3 e5 6.
Bxf6 Nxf6 7. dxe5 dxe5 8. Nbd2 Qc7 9. h3 Be7 10. c3 h6 11. Qc2 b5 12. Rd1 O-O
13. O-O a6 14. b4 a5 15. a3 c5 16. Bxb5 cxb4 17. axb4 axb4 18. c4 Ba6 19. Bxa6
Rxa6 20. Ra1 Rfa8 21. Rxa6 Rxa6 22. Qb2 Nd7 23. Ra1 Ra3 24. Rxa3 bxa3 25. Qa2
Qa5 26. Nb1 Kf8 27. Nfd2 f6 28. Ne4 f5 29. Nec3 e4 30. Nb5 Qe1+ 31. Kh2 Bh4 32.
Qxa3+ Kg8 33. Qd6 Bxf2 34. Qe6+ Kh8 0-1

[Event "19e tournoi de Noël"]
[Site "Montigny le Bretonneux"]
[Date "2018.12.27"]
[Round "2.10"]
[White "Couradin, Jean-Marie"]
[Black "Plantet, Marc"]
[Result "0-1"]
[WhiteElo "1563"]
[BlackElo "1745"]
[Annotator "Rivier,Sylvain"]
[PlyCount "54"]
[EventDate "2018.??.??"]

{Partie du pion dame} 1. d4 Nf6 2. c4 e6 3. Nf3 d5 4. Bf4 c5 5. e3 Bd6 6. Bg3
O-O 7. Nc3 cxd4 8. exd4 Bb4 9. Bd3 dxc4 10. Bxc4 Nd5 11. Qc2 Qa5 12. Rc1 Bd7
13. O-O Rc8 14. Bxd5 exd5 15. Rfe1 Nc6 16. Re3 Bg4 17. Qd3 Ne7 18. Rce1 Nf5 19.
Re5 Bxc3 20. bxc3 Nd6 21. R1e3 Ne4 22. Qb1 Rxc3 23. Qxb7 Rac8 24. Rxc3 Qxc3 25.
Qb3 Qa5 26. Bf4 Bxf3 27. Qb7 Qe1# 0-1

[Event "19e tournoi de Noël"]
[Site "Montigny le Bretonneux"]
[Date "2018.12.27"]
[Round "2.11"]
[White "Claisse, Patrick"]
[Black "Chaintreau, Thomas"]
[Result "1-0"]
[WhiteElo "1748"]
[BlackElo "1402"]
[Annotator "Rivier,Sylvain"]
[PlyCount "101"]
[EventDate "2018.??.??"]

{Défense sicilienne, variante Löwenthal} 1. e4 c5 2. Nf3 Nc6 3. d4 cxd4 4. Nxd4
e5 5. Nb5 a6 6. Nd6+ Bxd6 7. Qxd6 Qe7 8. Qd3 d6 9. b3 Be6 10. Ba3 Rd8 11. Nc3
Nf6 12. g3 b5 13. Nd5 Bxd5 14. exd5 e4 15. Qd1 Ne5 16. Bg2 Nf3+ 17. Kf1 Ne5 18.
Qd4 Ned7 19. Re1 O-O 20. Bxe4 Nxe4 21. Rxe4 Qf6 22. Qe3 Ne5 23. Kg2 Ng6 24. Re1
h5 25. h4 a5 26. Qd4 Qf5 27. Bb2 f6 28. c4 bxc4 29. bxc4 Ne5 30. Qe3 g5 31.
Bxe5 fxe5 32. Qxg5+ Qxg5 33. hxg5 Kg7 34. f4 exf4 35. gxf4 Rb8 36. R1e2 Rb6 37.
Kg3 Rb1 38. Re7+ Kg6 39. R7e6+ Kf5 40. Rxd6 h4+ 41. Kxh4 Rg1 42. Rf6+ Rxf6 43.
gxf6 Kxf6 44. d6 Kf5 45. Re8 Kxf4 46. Rf8+ Ke5 47. d7 Rh1+ 48. Kg3 Rg1+ 49. Kf2
Rd1 50. d8=Q Rxd8 51. Rxd8 1-0

[Event "19e tournoi de NoÃ«l"]
[Site "Montigny le Bretonneux"]
[Date "2018.12.27"]
[Round "2.12"]
[White "Le Bris, Gilles"]
[Black "Saint-Leger, Stephane"]
[Result "1-0"]
[WhiteElo "1787"]
[BlackElo "1399"]
[Annotator "Rivier,Sylvain"]
[PlyCount "55"]
[EventDate "2018.??.??"]

{DÃ©fense sicilienne} 1. e4 c5 2. Nf3 g6 3. c3 Bg7 4. d4 Nc6 5. d5 Ne5 6. Nxe5
Bxe5 7. f4 Bg7 8. Qf3 a6 9. a4 d6 10. Bc4 f5 11. Nd2 Nf6 12. O-O fxe4 13. Nxe4
O-O 14. Ng3 Ng4 15. Qe2 Nh6 16. Bd2 Nf5 17. Ne4 Bd7 18. Rfe1 Re8 19. g4 Nh6 20.
h3 e5 21. dxe6 Bxe6 22. Ng5 Bxc4 23. Qxc4+ Kh8 24. Ne6 Qd7 25. Nxg7 Qxg7 26.
Qd5 Qd7 27. c4 Qc6 28. Bc3+ 1-0

[Event "19e tournoi de Noël"]
[Site "Montigny le Bretonneux"]
[Date "2018.12.27"]
[Round "2.13"]
[White "Touiller, Wiktor"]
[Black "Masson, Guillaume"]
[Result "0-1"]
[WhiteElo "1299"]
[BlackElo "1553"]
[Annotator "Rivier,Sylvain"]
[PlyCount "96"]
[EventDate "2018.??.??"]

{Défense Pirc} 1. e4 e5 2. d4 d6 3. d5 Be7 4. f4 exf4 5. Bxf4 Bf6 6. c3 Ne7 7.
Bb5+ Bd7 8. Bxd7+ Qxd7 9. Ne2 O-O 10. O-O Ng6 11. g3 Re8 12. Nd2 Be5 13. a4 c5
14. Nc4 Bxf4 15. Nxf4 Rxe4 16. Qb3 Nxf4 17. Rxf4 Rxf4 18. gxf4 b6 19. Qb5 Qg4+
20. Kh1 Qd7 21. Re1 Qxb5 22. axb5 Kf8 23. Nxd6 Nd7 24. h4 Nf6 25. c4 Rd8 26.
Ne4 Re8 27. d6 Rxe4 28. Rd1 Ke8 29. Kg2 Kd7 30. Kf3 Rd4 31. Rxd4 cxd4 32. b4
Kxd6 33. c5+ bxc5 34. bxc5+ Kxc5 35. h5 Nxh5 36. f5 Kxb5 37. f6 Nxf6 38. Ke2
Kc4 39. Kd2 Ne4+ 40. Ke2 d3+ 41. Ke1 Kc3 42. Kf1 d2 43. Ke2 Kc2 44. Kf1 d1=Q+
45. Kg2 Qe2+ 46. Kh1 Qg4 47. Kh2 Qg3+ 48. Kh1 Nf2# 0-1

[Event "19e tournoi de Noël"]
[Site "Montigny le Bretonneux"]
[Date "2018.12.27"]
[Round "2.14"]
[White "Klein, Djimmy"]
[Black "Chaintreau, Maxime"]
[Result "1-0"]
[WhiteElo "1524"]
[BlackElo "1318"]
[Annotator "Rivier,Sylvain"]
[PlyCount "99"]
[EventDate "2018.??.??"]

{Partie du pion dame} 1. d4 d5 2. c4 c6 3. Nf3 Bg4 4. Nbd2 Nf6 5. g3 Nbd7 6.
Bg2 e6 7. O-O c5 8. cxd5 Nxd5 9. e4 N5f6 10. h3 Bxf3 11. Nxf3 Nxe4 12. Ne5 Nef6
13. Bxb7 Rb8 14. Nc6 Qc7 15. Nxb8 Qxb7 16. Nxd7 Qxd7 17. dxc5 Qxd1 18. Rxd1
Bxc5 19. Bg5 Nd5 20. Rac1 Bf8 21. Rc8+ Kd7 22. Ra8 a5 23. a3 f6 24. Be3 Ke7 25.
Rxa5 Kf7 26. Ra8 g6 27. Rc1 Bg7 28. Ra7+ Ne7 29. Rcc7 Re8 30. Bc5 Bf8 31. b4 f5
32. b5 Kf6 33. f4 h6 34. Bd4+ Kf7 35. b6 g5 36. b7 Rb8 37. Ra8 Rxb7 38. Rxb7
gxf4 39. gxf4 h5 40. a4 h4 41. a5 Kg6 42. Rxf8 Nc6 43. Rg8+ Kh6 44. Bc3 e5 45.
fxe5 f4 46. e6 f3 47. Rbg7 Nd4 48. Bxd4 f2+ 49. Kf1 Kh5 50. Rh8# 1-0

[Event "19e tournoi de NoÃ«l"]
[Site "Montigny le Bretonneux"]
[Date "2018.12.27"]
[Round "2.15"]
[White "Rafalimanana, Hary"]
[Black "Wu, Clara"]
[Result "0-1"]
[WhiteElo "1162"]
[BlackElo "1517"]
[Annotator "Rivier,Sylvain"]
[PlyCount "34"]
[EventDate "2018.??.??"]

{DÃ©fense sicilienne} 1. e4 c5 2. Nf3 g6 3. c3 Bg7 4. d4 cxd4 5. cxd4 d5 6. e5
Nc6 7. Be3 Nh6 8. h3 O-O 9. Qd2 Nf5 10. Bg5 f6 11. Bf4 fxe5 12. Nxe5 Nfxd4 13.
Bd3 Nxe5 14. Be3 Ndf3+ 15. gxf3 Nxf3+ 16. Ke2 Nxd2 17. Kxd2 Bxb2 0-1

[Event "19e tournoi de Noël"]
[Site "Montigny le Bretonneux"]
[Date "2018.12.27"]
[Round "2.16"]
[White "Gabard, Adrien"]
[Black "Darnet, Ninon"]
[Result "1-0"]
[WhiteElo "1494"]
[BlackElo "1162"]
[Annotator "Rivier,Sylvain"]
[PlyCount "111"]
[EventDate "2018.??.??"]

{Défense des deux cavaliers} 1. e4 e5 2. Bc4 Nf6 3. Nf3 Nc6 4. Ng5 d5 5. exd5
Nxd5 6. Nxf7 Kxf7 7. Qf3+ Ke6 8. Nc3 Ncb4 9. O-O c6 10. d4 Qf6 11. Qe2 Bd6 12.
Re1 g5 13. Ne4 Qf5 14. Nxg5+ Kd7 15. Bxd5 Nxd5 16. dxe5 Re8 17. e6+ Kc7 18. Qh5
Rf8 19. Qf3 Qxf3 20. Nxf3 Re8 21. Ng5 Nb4 22. Re2 h6 23. Nf7 Bxe6 24. Nxd6 Kxd6
25. Bf4+ Kd7 26. Rd1+ Kc8 27. Rd6 Bf7 28. Rxe8+ Bxe8 29. Rxh6 Kd7 30. Rh7+ Ke6
31. Rxb7 Nxc2 32. h4 Bg6 33. Rc7 Be4 34. f3 Bd5 35. h5 Nd4 36. Be3 Nf5 37. Rxa7
Rxa7 38. Bxa7 Bxa2 39. g4 Ng7 40. Kf2 Kf7 41. Ke3 Bb1 42. Kf4 Ne6+ 43. Ke5 Ng5
44. f4 Ne6 45. g5 Ng7 46. h6 Nh5 47. f5 Bc2 48. g6+ Kg8 49. h7+ Kg7 50. Bd4 Nf6
51. h8=Q+ Kxh8 52. Kxf6 Bb3 53. Ke7+ Kg8 54. f6 c5 55. Bxc5 Bc2 56. f7+ 1-0

[Event "19e tournoi de Noël"]
[Site "Montigny le Bretonneux"]
[Date "2018.12.27"]
[Round "2.17"]
[White "Meunier, Mathieu"]
[Black "Sondermeijer, Damien"]
[Result "0-1"]
[WhiteElo "1150"]
[BlackElo "1471"]
[Annotator "Rivier,Sylvain"]
[PlyCount "88"]
[EventDate "2018.??.??"]

{Défense sicilienne, variante Rossolimo} 1. e4 c5 2. Nf3 Nc6 3. Bc4 e6 4. O-O
a6 5. Nc3 b5 6. Bb3 c4 7. Bxc4 bxc4 8. d4 cxd3 9. cxd3 d6 10. Be3 Nf6 11. Qd2
Be7 12. Rac1 O-O 13. Ne2 Bd7 14. Ng3 Ng4 15. h3 Nxe3 16. Qxe3 Qa5 17. a3 d5 18.
Rcd1 Bc5 19. d4 Ba7 20. Qg5 h6 21. Qg4 Ne7 22. Nh5 Ng6 23. Nh4 Kh7 24. f4 Rg8
25. f5 Nxh4 26. Qxh4 exf5 27. exf5 Qd8 28. Qg4 Qg5 29. Qxg5 hxg5 30. f6 g6 31.
Ng3 Bb5 32. Rfe1 Bb8 33. Kh2 Bxg3+ 34. Kxg3 Rge8 35. Rxe8 Rxe8 36. Rc1 Re6 37.
Rf1 Bxf1 38. Kf2 Rxf6+ 39. Kg1 Kg8 40. b4 Kf8 41. a4 Ke7 42. b5 axb5 43. a5 b4
44. a6 Bxa6 0-1

[Event "19e tournoi de Noël"]
[Site "Montigny le Bretonneux"]
[Date "2018.12.27"]
[Round "2.18"]
[White "Longbien, Dominique"]
[Black "Plancade, Philajit"]
[Result "0-1"]
[WhiteElo "1468"]
[BlackElo "1154"]
[Annotator "Rivier,Sylvain"]
[PlyCount "148"]
[EventDate "2018.??.??"]

{Défense des deux cavaliers} 1. e4 e5 2. Nf3 Nc6 3. Bc4 Bc5 4. O-O Nf6 5. Nc3
O-O 6. a3 d6 7. h3 Be6 8. Bd5 Bxd5 9. exd5 Ne7 10. Na4 Nexd5 11. Nxc5 dxc5 12.
Nxe5 Re8 13. Re1 Qd6 14. Nc4 Rxe1+ 15. Qxe1 Qc6 16. d3 Re8 17. Qd1 Qe6 18. Bg5
Nb6 19. Na5 Nbd7 20. Qf3 Qe2 21. Qxe2 Rxe2 22. Rc1 b6 23. Nc6 a5 24. Bf4 Re6
25. Nb8 Nxb8 26. Bxc7 Nbd7 27. c3 Re2 28. b4 Nd5 29. Bd8 axb4 30. cxb4 cxb4 31.
axb4 Re8 32. Bg5 Nxb4 33. d4 f6 34. Be3 Kf7 35. Kf1 Ke6 36. Ke2 Nd5 37. Rc6+
Ke7 38. Bc1 Kf7+ 39. Kd2 Re6 40. Rc8 Nf4 41. Rc7 Ke7 42. Ba3+ Kd8 43. Ra7 Rc6
44. Ra8+ Rc8 45. Be7+ Kc7 46. Bd6+ Kb7 47. Rxc8 Kxc8 48. Bxf4 Kb7 49. Kc3 Kc6
50. Kc4 b5+ 51. Kb4 Nb6 52. Bb8 Nd5+ 53. Kb3 Kb6 54. Bd6 Ka5 55. g3 g6 56. Bc5
h5 57. Bd6 g5 58. f4 gxf4 59. gxf4 f5 60. h4 b4 61. Be5 Kb5 62. Bd6 Ne3 63.
Bxb4 Ng2 64. d5 Nxf4 65. d6 Kc6 66. d7 Kxd7 67. Be1 Ke6 68. Kc2 Kd5 69. Kd2 Kd4
70. Bf2+ Ke4 71. Ba7 Ng2 72. Bf2 Kf3 73. Be1 Nxe1 74. Kxe1 Kg2 0-1

[Event "19e tournoi de NoÃ«l"]
[Site "Montigny le Bretonneux"]
[Date "2018.12.27"]
[Round "2.19"]
[White "Fruchard, Alois"]
[Black "Boucher, Francis"]
[Result "1-0"]
[WhiteElo "1411"]
[BlackElo "1148"]
[Annotator "Rivier,Sylvain"]
[PlyCount "57"]
[EventDate "2018.??.??"]

{Gambit dame, systÃ¨me Ragozin} 1. d4 d5 2. c4 e6 3. Nc3 Nf6 4. Nf3 Nbd7 5. e3
Bb4 6. Bd3 Bxc3+ 7. bxc3 O-O 8. O-O Re8 9. Qc2 c6 10. Re1 h6 11. e4 dxe4 12.
Bxe4 Nxe4 13. Qxe4 Nf6 14. Qd3 b6 15. Bf4 Bb7 16. Rad1 Qd7 17. Ne5 Qc7 18. Qe3
Qc8 19. Rd3 c5 20. Bxh6 Kf8 21. Bxg7+ Ke7 22. Qg5 Kd8 23. Qxf6+ Kc7 24. Qxf7+
Kd6 25. dxc5+ Kxc5 26. Nd7+ Kc6 27. Rxe6+ Kc7 28. Be5+ Kd8 29. Rxe8# 1-0

[Event "19e tournoi de Noël"]
[Site "Montigny le Bretonneux"]
[Date "2018.12.27"]
[Round "2.20"]
[White "Chaintreau, Cedric"]
[Black "Touiller, Thibault"]
[Result "0-1"]
[WhiteElo "1399"]
[BlackElo "1087"]
[Annotator "Rivier,Sylvain"]
[PlyCount "111"]
[EventDate "2018.??.??"]

{Défense française} 1. e4 e6 2. Nf3 d5 3. Bd3 c5 4. c3 Nc6 5. exd5 exd5 6. O-O
Nf6 7. Re1+ Be7 8. b3 O-O 9. Bb5 Bd7 10. Bxc6 Bxc6 11. d4 b6 12. Ne5 Bb7 13. f3
Re8 14. a4 Bd6 15. Bg5 h6 16. Bh4 Be7 17. Nd2 Nd7 18. Bxe7 Qxe7 19. Nxd7 Qxd7
20. Nf1 Rxe1 21. Qxe1 Re8 22. Qd2 Qe6 23. Ng3 Qe3+ 24. Qxe3 Rxe3 25. Re1 cxd4
26. cxd4 Rxb3 27. Re7 Rb1+ 28. Kf2 Rb2+ 29. Kg1 Ba6 30. Rxa7 Rb1+ 31. Kf2 Bc4
32. Nf5 Ra1 33. Ne7+ Kh7 34. Nc8 Ra2+ 35. Kg3 Bf1 36. Nxb6 Rxg2+ 37. Kh3 Rb2+
38. Kg3 Rxb6 39. a5 Ra6 40. Rxa6 Bxa6 41. Kf4 f6 42. Kf5 Bc8+ 43. Kf4 g5+ 44.
Ke3 Kg6 45. Kf2 Kf5 46. Kg3 h5 47. h3 h4+ 48. Kg2 Kf4 49. Kh2 Kxf3 50. Kh1 Kg3
51. Kg1 Kxh3 52. a6 Bxa6 53. Kh1 g4 54. Kg1 g3 55. Kh1 g2+ 56. Kg1 0-1

[Event "19e tournoi de Noël"]
[Site "Montigny le Bretonneux"]
[Date "2018.12.27"]
[Round "2.21"]
[White "Baltzer, Jean-Marc"]
[Black "Charalambides, Tom"]
[Result "1-0"]
[WhiteElo "1388"]
[BlackElo "1040"]
[Annotator "Rivier,Sylvain"]
[PlyCount "45"]
[EventDate "2018.??.??"]

{Ouverture anglaise} 1. c4 e5 2. Nc3 Bb4 3. g3 b6 4. Bg2 Nc6 5. e4 Nf6 6. Nge2
Bb7 7. d3 Nd4 8. O-O O-O 9. Nxd4 exd4 10. Ne2 Re8 11. Nxd4 Re7 12. Bg5 Re5 13.
f4 Re8 14. e5 Bc5 15. Bxb7 Rb8 16. Be4 Bxd4+ 17. Kh1 Qc8 18. exf6 Bxf6 19. Bxf6
gxf6 20. Qg4+ Kf8 21. Bxh7 Qb7+ 22. Kg1 Re7 23. Qg8# 1-0

[Event "19e tournoi de Noël"]
[Site "Montigny le Bretonneux"]
[Date "2018.12.28"]
[Round "3.1"]
[White "Verat-Fayolle, Celian"]
[Black "Fruchard, Cyrille"]
[Result "0-1"]
[WhiteElo "1935"]
[BlackElo "2265"]
[Annotator "Rivier,Sylvain"]
[PlyCount "54"]
[EventDate "2018.??.??"]

{Ouverture irrégulière} 1. g4 e5 2. Bg2 Nc6 3. d3 Bc5 4. Nf3 d5 5. h3 Nge7 6.
Nbd2 f5 7. gxf5 Bxf5 8. c4 dxc4 9. Nxc4 e4 10. dxe4 Qxd1+ 11. Kxd1 Bxe4 12. e3
O-O-O+ 13. Ncd2 Nb4 14. Ne1 Bg6 15. a3 Nbd5 16. Ke2 Nf5 17. Nd3 Nfxe3 18. Be4
Bxe4 19. Nxe4 Nc2 20. Ndxc5 Nxa1 21. Be3 Nxe3 22. fxe3 b6 23. Ne6 Rde8 24. N4g5
Nb3 25. Rg1 Re7 26. Nf4 Rd8 27. Nge6 Rd2+ 0-1

[Event "19e tournoi de Noël"]
[Site "Montigny le Bretonneux"]
[Date "2018.12.28"]
[Round "3.2"]
[White "Divies, Renaud"]
[Black "Delmas-Goyon, Francois"]
[Result "1/2-1/2"]
[WhiteElo "2021"]
[BlackElo "1887"]
[Annotator "Rivier,Sylvain"]
[PlyCount "116"]
[EventDate "2018.??.??"]

{Défense sicilienne, variante Taïmanov} 1. e4 c5 2. Nf3 e6 3. d4 cxd4 4. Nxd4
Nc6 5. c4 Nf6 6. Nc3 Bb4 7. f3 O-O 8. a3 Bxc3+ 9. bxc3 a6 10. c5 d5 11. cxd6
Qxd6 12. Be3 Qc5 13. Qd2 Qa5 14. Nb3 Qc7 15. c4 e5 16. Qf2 Be6 17. Be2 Nd7 18.
O-O b6 19. Rfc1 Rfb8 20. Rc3 Qd8 21. Nc1 Qe7 22. Nd3 a5 23. Bd1 Qd6 24. Ba4 Nd4
25. Bxd7 Bxd7 26. Nxe5 Ne2+ 27. Qxe2 Qxe5 28. Rac1 h6 29. Qf2 b5 30. Bd4 Qe6
31. c5 Bc6 32. Qg3 f6 33. Be3 Kh7 34. Rd3 Rd8 35. Rd6 Rxd6 36. Qxd6 Bd7 37.
Qxe6 Bxe6 38. Bd2 a4 39. c6 Kg6 40. Kf2 Kf7 41. Bb4 Rc8 42. Bd6 g6 43. Ke3 Bc4
44. Kd4 Rxc6 45. Bc5 Ke6 46. f4 Rc7 47. e5 fxe5+ 48. fxe5 Rf7 49. Bd6 Rf2 50.
Rg1 h5 51. Ke3 Rf7 52. Rd1 Bd5 53. Rd2 Rf1 54. Rb2 Bc4 55. h4 Kf5 56. Rf2+ Rxf2
57. Kxf2 Kg4 58. g3 Bd5 1/2-1/2

[Event "19e tournoi de Noël"]
[Site "Montigny le Bretonneux"]
[Date "2018.12.28"]
[Round "3.3"]
[White "Benbakir, Chouaib"]
[Black "Brouard, Gregoire"]
[Result "1-0"]
[WhiteElo "1828"]
[BlackElo "2019"]
[Annotator "Rivier,Sylvain"]
[PlyCount "66"]
[EventDate "2018.??.??"]

{Défense française, variante Tarrasch fermée} 1. e4 e6 2. d4 d5 3. Nd2 Nf6 4.
e5 Nfd7 5. Bd3 c5 6. c3 Nc6 7. Ne2 cxd4 8. cxd4 f6 9. exf6 Nxf6 10. Nf3 Bd6 11.
O-O O-O 12. Bf4 Nh5 13. Bxd6 Qxd6 14. Rc1 Bd7 15. Re1 Rf6 16. Bb5 Raf8 17. Bxc6
bxc6 18. Rc2 Be8 19. Qc1 Qe7 20. Rf1 Rxf3 21. gxf3 Qh4 22. Qe3 Rf6 23. Rc3 g5
24. f4 g4 25. Qe5 Rg6 26. Ra3 Ng7 27. Rxa7 Nf5 28. Rc1 Rh6 29. Kf1 g3 30. Nxg3
Qh3+ 31. Ke1 Qxh2 32. Nxf5 Qg1+ 33. Ke2 Bh5+ 1-0

[Event "19e tournoi de Noël"]
[Site "Montigny le Bretonneux"]
[Date "2018.12.28"]
[Round "3.4"]
[White "Drouot, Frederic"]
[Black "Artieres, Michel"]
[Result "1/2-1/2"]
[WhiteElo "1987"]
[BlackElo "1760"]
[Annotator "Rivier,Sylvain"]
[PlyCount "74"]
[EventDate "2018.??.??"]

{Défense vieille indienne} 1. d4 Nf6 2. c4 d6 3. Nc3 e5 4. dxe5 dxe5 5. Qxd8+
Kxd8 6. Nf3 Nfd7 7. a3 a5 8. Ng5 Ke8 9. g3 Nc5 10. Be3 f6 11. Nge4 Nxe4 12.
Nxe4 Be6 13. Bg2 c6 14. Rc1 Na6 15. Bb6 Nb8 16. O-O Nd7 17. Bc7 Nc5 18. Rfd1
Nxe4 19. Bxe4 Bc5 20. Rd3 Ke7 21. Rb3 Bc8 22. Rd1 Ke6 23. Bg2 Ke7 24. e3 a4 25.
Rbd3 Bf5 26. Bd6+ Bxd6 27. Rxd6 Rhd8 28. Rxd8 Rxd8 29. Rxd8 Kxd8 30. e4 Be6 31.
c5 Kc7 32. Kf1 b6 33. Ke1 bxc5 34. Kd2 Kb6 35. Kc3 c4 36. Kb4 c5+ 37. Kc3 h6
1/2-1/2

[Event "19e tournoi de Noël"]
[Site "Montigny le Bretonneux"]
[Date "2018.12.28"]
[Round "3.5"]
[White "Plantet, Marc"]
[Black "Imbert, Christophe"]
[Result "0-1"]
[WhiteElo "1745"]
[BlackElo "1978"]
[Annotator "Rivier,Sylvain"]
[PlyCount "76"]
[EventDate "2018.??.??"]

{Défense sicilienne, attaque Richter Rauser} 1. e4 c5 2. Nf3 d6 3. d4 cxd4 4.
Nxd4 Nf6 5. Nc3 Nc6 6. Bg5 e6 7. Qd2 a6 8. O-O-O Bd7 9. f4 b5 10. a3 Qb6 11.
Be2 b4 12. axb4 Nxb4 13. Kb1 Rb8 14. Nb3 a5 15. Qd4 a4 16. Qxb6 Rxb6 17. Na5 d5
18. e5 Ng8 19. f5 Bc5 20. Nc4 dxc4 21. Nxa4 Rc6 22. Bxc4 Rc8 23. Rxd7 Kxd7 24.
fxe6+ Kc6 25. exf7 Nh6 26. Nxc5 Kxc5 27. Be6 Rc7 28. Be3+ Kb5 29. Rf1 Rf8 30.
c3 Nc6 31. c4+ Kb4 32. Bd2+ Kc5 33. Be3+ Kb4 34. Bd2+ Kc5 35. Bd5 Nxe5 36. b4+
Kd4 37. Rd1 Nhxf7 38. Kb2 Nxc4+ 0-1

[Event "19e tournoi de Noël"]
[Site "Montigny le Bretonneux"]
[Date "2018.12.28"]
[Round "3.6"]
[White "Suinot, Laurent"]
[Black "Claisse, Patrick"]
[Result "1/2-1/2"]
[WhiteElo "1712"]
[BlackElo "1748"]
[Annotator "Rivier,Sylvain"]
[PlyCount "62"]
[EventDate "2018.??.??"]

{Défense sicilienne, variante Alapine} 1. e4 c5 2. c3 d5 3. exd5 Qxd5 4. d4 Nf6
5. Nf3 e6 6. Be2 Be7 7. O-O O-O 8. Na3 Nc6 9. Bf4 cxd4 10. cxd4 Qd8 11. Nb5 Nd5
12. Bg3 a6 13. Nc3 b5 14. Rc1 Bb7 15. Ne5 Nxc3 16. bxc3 Nxe5 17. Bxe5 Bd6 18.
Bxd6 Qxd6 19. Bf3 Bxf3 20. Qxf3 Qd5 21. Qxd5 exd5 22. a4 Rfc8 23. axb5 axb5 24.
Rb1 Rab8 25. Rb3 Kf8 26. Rfb1 Ke7 27. Kf1 Kd6 28. Rxb5 Rxb5 29. Rxb5 Rxc3 30.
Ke2 Ra3 31. Rb2 Kc6 1/2-1/2

[Event "19e tournoi de Noël"]
[Site "Montigny le Bretonneux"]
[Date "2018.12.28"]
[Round "3.7"]
[White "Masson, Guillaume"]
[Black "Le Bris, Gilles"]
[Result "1-0"]
[WhiteElo "1553"]
[BlackElo "1787"]
[Annotator "Rivier,Sylvain"]
[PlyCount "71"]
[EventDate "2018.??.??"]

{Défense sicilienne, attaque Canal-Sokolsky} 1. e4 c5 2. Nf3 d6 3. Bb5+ Bd7 4.
Bxd7+ Nxd7 5. d4 cxd4 6. Nxd4 Ngf6 7. f3 Qc7 8. O-O a6 9. Kh1 e6 10. Nb3 Be7
11. Nc3 b5 12. a3 O-O 13. Be3 Ne5 14. Nd2 Rfd8 15. Qe2 d5 16. exd5 Nxd5 17.
Nxd5 Rxd5 18. c3 Nd3 19. Nb3 e5 20. Rad1 Rad8 21. Rd2 Nf4 22. Bxf4 exf4 23.
Rxd5 Rxd5 24. Nd4 Bf8 25. Re1 g6 26. Qe4 Qd6 27. h3 Bh6 28. Qe8+ Kg7 29. Re7
Kf6 30. Qxf7+ Kg5 31. Ne6+ Kh5 32. Qxh7 Re5 33. Nxf4+ Kg5 34. Qxg6+ Qxg6 35.
Nxg6 Rd5 36. Re5+ 1-0

[Event "19e tournoi de Noël"]
[Site "Montigny le Bretonneux"]
[Date "2018.12.28"]
[Round "3.8"]
[White "Wu, Clara"]
[Black "Appavou, Calixte"]
[Result "1-0"]
[WhiteElo "1517"]
[BlackElo "1714"]
[Annotator "Rivier,Sylvain"]
[PlyCount "45"]
[EventDate "2018.??.??"]

{Gambit dame refusé} 1. d4 d5 2. c4 c6 3. Nf3 Nf6 4. Qc2 e6 5. Nbd2 Bd6 6. e4
dxe4 7. Nxe4 Nxe4 8. Qxe4 Bb4+ 9. Bd2 Bxd2+ 10. Nxd2 Nd7 11. Nf3 Qa5+ 12. Nd2
Nf6 13. Qd3 O-O 14. Be2 e5 15. O-O exd4 16. Nb3 Qc7 17. Qxd4 Bf5 18. Rad1 Rfd8
19. Qh4 Qe5 20. Nd4 Rxd4 21. Qxd4 Qxe2 22. Rfe1 c5 23. Qd8+ 1-0

[Event "19e tournoi de Noël"]
[Site "Montigny le Bretonneux"]
[Date "2018.12.28"]
[Round "3.10"]
[White "Rouast, Joseph"]
[Black "Klein, Djimmy"]
[Result "1-0"]
[WhiteElo "1648"]
[BlackElo "1524"]
[Annotator "Rivier,Sylvain"]
[PlyCount "79"]
[EventDate "2018.??.??"]

{Gambit Blumenfeld} 1. d4 Nf6 2. c4 c5 3. d5 e6 4. Nc3 d6 5. Nf3 Be7 6. g3 O-O
7. Bg2 exd5 8. cxd5 Nbd7 9. O-O a6 10. a4 Ne5 11. Nxe5 dxe5 12. e4 Ne8 13. f4
Bd6 14. f5 Nc7 15. g4 f6 16. h4 Bd7 17. g5 b5 18. g6 b4 19. Qh5 h6 20. Ne2 Qe7
21. Rf3 c4 22. Rg3 Ne8 23. Bxh6 gxh6 24. Qxh6 Bc5+ 25. Kh1 Qg7 26. Qc1 Nd6 27.
h5 Bxf5 28. h6 Qe7 29. exf5 Nxf5 30. Rh3 Bd6 31. Qc2 Qd7 32. g7 Rf7 33. Be4
Nxh6 34. Rxh6 Rxg7 35. Bf5 Qb7 36. Be6+ Kf8 37. Qf5 Ke8 38. Qxf6 Rh7 39. Qg6+
Kd8 40. Rxh7 1-0